<?xml version='1.0' encoding='UTF-8'?><?xml-stylesheet href='static/style.xsl' type='text/xsl'?><OAI-PMH xmlns="http://www.openarchives.org/OAI/2.0/" xmlns:xsi="http://www.w3.org/2001/XMLSchema-instance" xsi:schemaLocation="http://www.openarchives.org/OAI/2.0/ http://www.openarchives.org/OAI/2.0/OAI-PMH.xsd"><responseDate>2026-04-17T10:05:43Z</responseDate><request verb="GetRecord" identifier="oai:ebiltegia.mondragon.edu:20.500.11984/5592" metadataPrefix="marc">https://ebiltegia.mondragon.edu/oai/request</request><GetRecord><record><header><identifier>oai:ebiltegia.mondragon.edu:20.500.11984/5592</identifier><datestamp>2024-03-04T15:00:25Z</datestamp><setSpec>com_20.500.11984_1136</setSpec><setSpec>col_20.500.11984_1139</setSpec></header><metadata><record xmlns="http://www.loc.gov/MARC21/slim" xmlns:dcterms="http://purl.org/dc/terms/" xmlns:xsi="http://www.w3.org/2001/XMLSchema-instance" xmlns:doc="http://www.lyncode.com/xoai" xsi:schemaLocation="http://www.loc.gov/MARC21/slim http://www.loc.gov/standards/marcxml/schema/MARC21slim.xsd">
   <leader>00925njm 22002777a 4500</leader>
   <datafield ind2=" " ind1=" " tag="042">
      <subfield code="a">dc</subfield>
   </datafield>
   <datafield ind2=" " ind1=" " tag="720">
      <subfield code="a">Goikoetxea-Agirre, Nekane</subfield>
      <subfield code="e">author</subfield>
   </datafield>
   <datafield ind2=" " ind1=" " tag="260">
      <subfield code="c">2015</subfield>
   </datafield>
   <datafield ind2=" " ind1=" " tag="520">
      <subfield code="a">EraLan ikerketa-proiektua da, izaera ezberdineko erakundeen arteko lankidetzaren bitartez gauzatzen&#xd;
dena. Lan-arloan ematen den hizkuntzen erabilera da proiektuaren aztergai nagusia, eta gai horren inguruan Soziolinguistika Klusterraren baitan ikerketa aplikatua eta haren gaineko hausnarketa elkarrekin&#xd;
egiten duten erakunde ezberdinen emaitza da EraLan.&#xd;
Gehiago zehaztuz, EraLan proiektuaren helburua da hizkuntza normalizaziorako planak onartuta dituzten lan munduko erakundeetan –publiko zein pribatuetan– euskararen eta beste hizkuntzen erabileran&#xd;
eragiten duten aldagaiak identifikatzea, eta horietan positiboki eragiteko metodologiak eta dinamikak&#xd;
diseinatzeko eta inplementatzeko ezagutzan aurreratzea. Ezagutza praktikoan eta ezagutza teorikoan.&#xd;
Eta ezagutza hori lankidetzan ari diren erakundeetako kideen artean partekatzea eta zirkulazioan jartzea.&#xd;
Hizkuntza normalizazioaren kontzeptualizazioa, batetik, eraldaketa-prozesu gisa egiten dugu; bestetik,&#xd;
hizkuntza normalizazioa organizazio batean gauzatzen denez, sistema konplexu gisa kontzeptualizatzen&#xd;
dugu. Beraz, eraldaketa eta konplexutasun testuinguru horretan kokatzen dugu ikerketa-proiektua.</subfield>
   </datafield>
   <datafield ind1="8" ind2=" " tag="024">
      <subfield code="a">978-84-943708-0-9</subfield>
   </datafield>
   <datafield ind1="8" ind2=" " tag="024">
      <subfield code="a">https://katalogoa.mondragon.edu/janium-bin/janium_login_opac.pl?find&amp;ficha_no=109072</subfield>
   </datafield>
   <datafield ind1="8" ind2=" " tag="024">
      <subfield code="a">https://hdl.handle.net/20.500.11984/5592</subfield>
   </datafield>
   <datafield tag="653" ind2=" " ind1=" ">
      <subfield code="a">Euskara</subfield>
   </datafield>
   <datafield tag="653" ind2=" " ind1=" ">
      <subfield code="a">Sociolingüística</subfield>
   </datafield>
   <datafield ind2="0" ind1="0" tag="245">
      <subfield code="a">EraLan ikerketa-proiektua 3 : Euskararen erabilera lan munduan</subfield>
   </datafield>
</record></metadata></record></GetRecord></OAI-PMH>